The 1975 Quiz - Statistics

General Stats
  • This quiz has been taken 552 times
  • The average score is 16 of 25
Answer Stats
Hint Answer % Correct
we're building up speed as we're approaching a hill chocolate
88%
get someone you love somebody else
88%
i told her from the start, i'll break your heart girls
82%
i don't wanna be your friend i wanna kiss your neck fallingforyou
79%
i was late but i arrived me
79%
and then she pointed at the bag of her dreams, in a well poshed magazine paris
77%
drink slow to feed the nose M.O.N.E.Y.
75%
i can't believe i forgot your name the sound
75%
what a let down, a shame, i think he might die she's american
72%
moving but she just can't move she way out
70%
playing with the air, breathing in your hair the 1975
70%
you've got pretty eyes but i know you're wrong the city
70%
the brain was last seen going for a run the ballad of me and my brain
69%
if i'm lost then how can i find myself if i believe you
65%
well, just keep looking love me
62%
do you have a card? ugh!
62%
and i know that god doesn't exist and all the palaver surrounding it nana
61%
avoiding me and walking around you settle down
61%
and i love you all too much antichrist
57%
she just wants to feel something and i dont think that's asking for too much she lays down
53%
i find it hard to say bye bye medicine
51%
we're not doing it again so leave it undo
44%
can you feel it? lostmyhead
40%
we should ring das more is there somebody who can watch you
39%
are we just friends? anobrain
27%
No matching quizzes found
Score Distribution
Percent of People with Each Score
Percentile by Number Answered
Your Score History
You have not taken this quiz